Statistics for Car Companies: Asia

Click here to take the quiz!

General Stats

  • This quiz has been taken 31 times
  • The average score is 11 of 30

Answer Stats

HintCar Company% Correct
Civic Type-RHonda
100%
Veloster TurboHyundai
92%
Land CruiserToyota
92%
Juke RNissan
83%
RX-7 Spirit RMazda
75%
PajeroMitsubishi
71%
Alto Works RSSuzuki
71%
LS600h LLexus
67%
K9/K900KIA
63%
RLXAcura
54%
Sumo GrandeTata
54%
D-MaxIsuzu
46%
M45 (Y34)Infiniti
42%
Chairman H/Chairman WSsangYong
33%
tC Release Series 6.0Scion
29%
Go+Datsun
25%
LC/PandaGeely
17%
Spirra EXOullim
17%
QinBYD
13%
G90/EQ900Genesis
13%
Samand SorenIran Khodro
8%
Saga Iswara/MpiProton
4%
Ambassador AvigoHindustan
4%
ZaferEtox
4%
U7 TurboLuxgen
4%
EC7Emgrand
0%
320/330Lifan
0%
GenevaBufori
0%
STC-16Anadol
0%
Hwiparam I/II/IIIPyeonghwa
0%

Score Distribution

Percentile by Number Answered

Percent of People with Each Score

Your Score History

You have not taken this quiz